[Event "Euskadi-chT (Vasca) Div Honor"]
[Site "Bergara"]
[Date "2014.02.15"]
[Round "6.3"]
[White "Aguera Naredo, Javier"]
[Black "Martinez Pelaez, David"]
[Result "1-0"]
[WhiteElo "2365"]
[BlackElo "1975"]
[PlyCount "63"]
[EventDate "2014.01.11"]
[EventType "team-tourn"]
[EventRounds "9"]
[EventCountry "ESP"]
[SourceTitle "EXT 2024"]
[Source "ChessBase"]
[SourceDate "2023.10.10"]
[SourceVersion "1"]
[SourceVersionDate "2023.10.10"]
[SourceQuality "1"]

1. e4 d5 2. exd5 Qxd5 3. Nc3 Qd8 4. d4 Nf6 5. Nf3 c6 6. Bc4 Bf5 7. Ne5 e6 8. g4 Bg6 9. h4 Nbd7 10. Qe2 Bb4 11. Bd2 Bxc3 12. Bxc3 Be4 13. Rh3 Bd5 14. Bd3 Nxe5 15. dxe5 Nd7 16. 0-0-0 Qc7 17. Qe3 b5 18. Qg5 0-0 19. f4 a5 20. f5 h6 21. Qh5 b4 22. Bd2 Qxe5 23. g5 exf5 24. Re1 Be4 25. gxh6 g6 26. Qg5 Qf6 27. Bxe4 Qxg5 28. hxg5 fxe4 29. Rxe4 Rad8 30. Bf4 Kh7 31. Bc7 Rde8 32. Rf4 1-0

[Event "Euskadi-chT (Vasca) Div Honor"]
[Site "Bergara"]
[Date "2014.02.01"]
[Round "4.4"]
[White "Martin Alvarez, Inigo"]
[Black "Martinez Pelaez, David"]
[Result "1-0"]
[WhiteElo "2290"]
[BlackElo "1975"]
[PlyCount "91"]
[EventDate "2014.01.11"]
[EventType "team-tourn"]
[EventRounds "9"]
[EventCountry "ESP"]
[SourceTitle "EXT 2024"]
[Source "ChessBase"]
[SourceDate "2023.10.10"]
[SourceVersion "1"]
[SourceVersionDate "2023.10.10"]
[SourceQuality "1"]

1. e4 d5 2. d3 dxe4 3. dxe4 Qxd1+ 4. Kxd1 e5 5. Be3 Nd7 6. Nd2 Bc5 7. Nc4 f6 8. Bd3 Ne7 9. Ne2 Bxe3 10. Nxe3 Nc5 11. f3 Be6 12. Bc4 Kf7 13. c3 Rad8+ 14. Kc2 Bxc4 15. Nxc4 Rd7 16. Rhd1 Rhd8 17. Rxd7 Rxd7 18. a4 Ne6 19. Nc1 Rd8 20. Nd3 h5 21. b4 Ng6 22. Na5 b6 23. Nc6 Ra8 24. a5 Ne7 25. Nxe7 Kxe7 26. axb6 cxb6 27. Nb2 Nc7 28. Nc4 g6 29. h4 Ke6 30. Kb3 Ke7 31. Ra2 Ke6 32. Rd2 Nb5 33. Rd5 Nc7 34. Rd6+ Ke7 35. Rd1 Nb5 36. Ne3 Rc8 37. Nd5+ Ke6 38. Ra1 f5 39. c4 Nd4+ 40. Kc3 Nb5+ 41. Kd3 Nd6 42. Rxa7 Nxc4 43. Nc7+ Kd6 44. Kxc4 Rxc7+ 45. Rxc7 Kxc7 46. Kd5 1-0

[Event "Euskadi-chT Div Honor"]
[Site "Bergara"]
[Date "2013.02.16"]
[Round "6.4"]
[White "Martinez Pelaez, David"]
[Black "Sierra Lopez, Ceferino"]
[Result "1/2-1/2"]
[WhiteElo "1975"]
[BlackElo "2006"]
[PlyCount "70"]
[EventDate "2013.01.12"]
[EventType "team"]
[EventRounds "9"]
[EventCountry "ESP"]
[SourceTitle "EXT 2015"]
[Source "ChessBase"]
[SourceDate "2014.11.20"]
[SourceVersion "1"]
[SourceVersionDate "2014.11.20"]
[SourceQuality "1"]

1. d4 d5 2. Nc3 Bf5 3. f3 Nf6 4. Bg5 h6 5. Bh4 c6 6. Qd2 Qa5 7. e4 dxe4 8. fxe4 Bg6 9. Nf3 Nbd7 10. Bd3 e6 11. e5 Bxd3 12. exf6 Bg6 13. fxg7 Bxg7 14. 0-0-0 0-0 15. Rhe1 b5 16. Kb1 b4 17. Ne4 Qb6 18. Ne5 Nxe5 19. dxe5 Rfc8 20. Bf6 a5 21. Bxg7 Kxg7 22. Qf4 a4 23. Qf6+ Kh7 24. Rd7 Rc7 25. Qxe6 Rxd7 26. Nf6+ Kg7 27. Nxd7 fxe6 28. Nxb6 Ra6 29. Nc4 b3 30. axb3 axb3 31. Na3 Ra5 32. Kc1 bxc2 33. Nxc2 Rc5 34. Re2 Bh5 35. Re3 Bg6 1/2-1/2

[Event "Euskadi-ch"]
[Site "Zornotza"]
[Date "2012.04.14"]
[Round "6"]
[White "Martinez Pelaez, David"]
[Black "Hernandez Perez, Jesus"]
[Result "1/2-1/2"]
[WhiteElo "1987"]
[BlackElo "2022"]
[PlyCount "34"]
[EventDate "2012.04.09"]
[EventType "swiss"]
[EventRounds "7"]
[EventCountry "ESP"]
[SourceTitle "CBM 147 Extra"]
[Source "ChessBase"]
[SourceDate "2012.04.24"]
[SourceVersion "1"]
[SourceVersionDate "2012.04.24"]
[SourceQuality "1"]

1. e4 e6 2. d4 d5 3. Nd2 dxe4 4. Nxe4 Bd7 5. Nf3 Bc6 6. Bd3 Nd7 7. Qe2 Ngf6 8. Neg5 Bxf3 9. Qxf3 c6 10. 0-0 Be7 11. Re1 Nf8 12. c3 h6 13. Qh3 Qc7 14. Bd2 Rg8 15. Ne4 N8d7 16. Qf3 Nxe4 17. Bxe4 Nf6 1/2-1/2

[Event "Euskadi-ch"]
[Site "Zornotza"]
[Date "2012.04.13"]
[Round "5"]
[White "Martinez Pelaez, David"]
[Black "Gomez Calvo, Jose Ricardo"]
[Result "0-1"]
[WhiteElo "1987"]
[BlackElo "1943"]
[PlyCount "78"]
[EventDate "2012.04.09"]
[EventType "swiss"]
[EventRounds "7"]
[EventCountry "ESP"]
[SourceTitle "CBM 147 Extra"]
[Source "ChessBase"]
[SourceDate "2012.04.24"]
[SourceVersion "1"]
[SourceVersionDate "2012.04.24"]
[SourceQuality "1"]

1. e4 e6 2. d4 d5 3. Nd2 h6 4. Ngf3 Nf6 5. Bd3 c5 6. exd5 Nxd5 7. Ne4 cxd4 8. Nxd4 a6 9. c3 e5 10. Nb3 Nc6 11. 0-0 Be7 12. Qe2 0-0 13. Rd1 Qc7 14. Ng3 Nf6 15. Nh5 Ng4 16. h3 e4 17. hxg4 exd3 18. Rxd3 Bd6 19. Rh3 Ne5 20. f3 f5 21. g5 f4 22. Rh2 hxg5 23. Qe4 Bf5 24. Qd5+ Rf7 25. Nd4 Bc5 26. b4 Bb6 27. Bb2 Rd8 28. Qb3 Nc4 29. Kh1 Bxd4 30. cxd4 Nxb2 31. Qxb2 Qc2 32. Qa3 Rxd4 33. g4 Rd1+ 34. Rxd1 Qxd1+ 35. Kg2 Re7 36. Nxf4 gxf4 37. gxf5 Re2+ 38. Kh3 Qf1+ 39. Kg4 Qg1+ 0-1

[Event "Basque-chT"]
[Site "Bergara"]
[Date "2012.02.11"]
[Round "5"]
[White "Martinez Pelaez, David"]
[Black "Mombiela Martinez, Gonzalo"]
[Result "0-1"]
[WhiteElo "1987"]
[BlackElo "2091"]
[PlyCount "90"]
[EventDate "2012.01.14"]
[EventType "team"]
[EventRounds "9"]
[EventCountry "ESP"]
[SourceTitle "EXT 2013"]
[Source "ChessBase"]
[SourceDate "2012.11.22"]
[SourceVersion "1"]
[SourceVersionDate "2012.11.22"]
[SourceQuality "1"]
[WhiteTeam "Zuri Baltza"]
[BlackTeam "Orvina"]
[WhiteTeamCountry "ESP"]
[BlackTeamCountry "ESP"]

1. e4 e5 2. Nf3 Nc6 3. Bc4 Nf6 4. d3 Be7 5. 0-0 0-0 6. Bb3 d5 7. Nbd2 Bg4 8. c3 Qd7 9. Qe2 Rad8 10. Re1 d4 11. Bc2 Rfe8 12. h3 Bh5 13. Nf1 h6 14. Ng3 Bg6 15. Nh4 Bh7 16. Ngf5 Bf8 17. Qf3 g5 18. Nxh6+ Bxh6 19. Qxf6 Re6 20. Qf3 gxh4 21. Qg4+ Rg6 22. Qxh4 Bxc1 23. Raxc1 Kg7 24. Bd1 Rh8 25. Bg4 Qd6 26. Qg3 Bg8 27. Qf3 Rf6 28. Qe2 Bh7 29. g3 Rh6 30. h4 Rd8 31. c4 Ne7 32. Qd2 Qg6 33. Qe2 Qd6 34. Qd2 Re8 35. h5 Rg8 36. c5 Qc6 37. b4 Kh8 38. b5 Qf6 39. Be2 Qg5 40. Qa5 f5 41. Qxc7 fxe4 42. dxe4 Bxe4 43. Bd1 Nd5 44. Qxb7 Qxc1 45. Qxa7 Rxh5 0-1

[Event "Basque-chT"]
[Site "Bergara"]
[Date "2012.01.21"]
[Round "2"]
[White "Martinez Pelaez, David"]
[Black "Argandona Riveiro, Inigo"]
[Result "0-1"]
[WhiteElo "1987"]
[BlackElo "2387"]
[PlyCount "62"]
[EventDate "2012.01.14"]
[EventType "team"]
[EventRounds "9"]
[EventCountry "ESP"]
[SourceTitle "EXT 2013"]
[Source "ChessBase"]
[SourceDate "2012.11.22"]
[SourceVersion "1"]
[SourceVersionDate "2012.11.22"]
[SourceQuality "1"]
[WhiteTeam "Zuri Baltza"]
[BlackTeam "Gros Xake Taldea"]
[WhiteTeamCountry "ESP"]
[BlackTeamCountry "ESP"]

1. d4 g6 2. e4 c6 3. h4 d5 4. e5 h5 5. Bd3 Na6 6. c3 Nc7 7. Ne2 Nh6 8. Ng3 Bg4 9. f3 Bd7 10. Be3 Qc8 11. Qc2 Nf5 12. Bf2 Bh6 13. Nd2 Nxg3 14. Bxg3 Bf5 15. 0-0-0 Bxd3 16. Qxd3 Qf5 17. Kc2 Ne6 18. Nf1 0-0-0 19. Re1 Rhg8 20. Ne3 Bxe3 21. Rxe3 c5 22. Kd2 Qxd3+ 23. Kxd3 g5 24. Rh2 gxh4 25. Bxh4 Nf4+ 26. Kd2 Rxg2+ 27. Rxg2 Nxg2 28. Bxe7 Nxe3 29. Kxe3 Re8 30. Bh4 Kd7 31. f4 cxd4+ 0-1

[Event "Euskadi-chT (Vasca) Div Honor"]
[Site "Bergara"]
[Date "2011.02.26"]
[Round "8.4"]
[White "Martinez Pelaez, David"]
[Black "Segovia Sanchez, Antonio"]
[Result "1-0"]
[WhiteElo "1945"]
[BlackElo "1992"]
[PlyCount "39"]
[EventDate "2011.01.08"]
[EventType "team-tourn"]
[EventRounds "9"]
[EventCountry "ESP"]
[SourceTitle "EXT 2024"]
[Source "ChessBase"]
[SourceDate "2023.10.10"]
[SourceVersion "1"]
[SourceVersionDate "2023.10.10"]
[SourceQuality "1"]

1. e4 d5 2. exd5 Qxd5 3. Nc3 Qa5 4. d4 Nf6 5. Nf3 Bf5 6. Bc4 e6 7. Bd2 Bb4 8. Ne5 Qb6 9. Qe2 Nbd7 10. Nxd7 Nxd7 11. d5 0-0-0 12. dxe6 Nf6 13. exf7 Qc6 14. 0-0-0 Qxg2 15. Rhg1 Qc6 16. Rxg7 Bg6 17. Bg5 Rxd1+ 18. Nxd1 Rf8 19. Qe6+ Nd7 20. Rxg6 1-0

[Event "Euskadi-chT (Vasca) Div Honor"]
[Site "Bergara"]
[Date "2011.02.19"]
[Round "7"]
[White "Munoz Perez, Ivan"]
[Black "Martinez Pelaez, David"]
[Result "1/2-1/2"]
[WhiteElo "2289"]
[BlackElo "1945"]
[PlyCount "93"]
[EventDate "2011.01.08"]
[EventType "team-tourn"]
[EventRounds "9"]
[EventCountry "ESP"]
[SourceTitle "EXT 2024"]
[Source "ChessBase"]
[SourceDate "2023.10.10"]
[SourceVersion "1"]
[SourceVersionDate "2023.10.10"]
[SourceQuality "1"]

1. e4 d5 2. exd5 Qxd5 3. Nc3 Qd8 4. d4 Nf6 5. Nf3 c6 6. Bc4 Bf5 7. 0-0 e6 8. a4 Nbd7 9. Qe2 Be7 10. h3 Nb6 11. Bb3 Nbd5 12. Nd1 0-0 13. Ne5 Nd7 14. g4 Bg6 15. Nxg6 hxg6 16. c4 Nc7 17. Bd2 Bf6 18. Bc3 Re8 19. f4 c5 20. dxc5 Nxc5 21. Bc2 a5 22. Qe3 N7a6 23. Rf2 b6 24. Rd2 Qc7 25. g5 Be7 26. Be5 Qc6 27. Nc3 Nb4 28. Bd1 Rad8 29. Bf3 Qc8 30. Rad1 Nb3 31. Rxd8 Rxd8 32. Rxd8+ Qxd8 33. Ne4 Nc5 34. b3 Ncd3 35. Bc3 Qc7 36. Qd4 Bf8 37. Bd2 Kh8 38. Be3 Nc5 39. Qc3 Nxe4 40. Bxe4 Bc5 41. Kg2 Bxe3 42. Qxe3 Qd6 43. h4 Na6 44. Kg3 Nc5 45. Bc2 Kg8 46. Kg4 Kf8 47. Kg3 1/2-1/2

[Event "Euskadi-chT (Vasca) Div Honor"]
[Site "Bergara"]
[Date "2011.02.05"]
[Round "5.4"]
[White "Martinez Pelaez, David"]
[Black "Hernando Casas, Jose Manuel"]
[Result "1/2-1/2"]
[WhiteElo "1945"]
[BlackElo "2042"]
[PlyCount "44"]
[EventDate "2011.01.08"]
[EventType "team-tourn"]
[EventRounds "9"]
[EventCountry "ESP"]
[SourceTitle "EXT 2024"]
[Source "ChessBase"]
[SourceDate "2023.10.10"]
[SourceVersion "1"]
[SourceVersionDate "2023.10.10"]
[SourceQuality "1"]

1. e4 e6 2. d4 d5 3. Nd2 c5 4. exd5 exd5 5. Ngf3 Nc6 6. Bb5 Bd6 7. 0-0 Nge7 8. dxc5 Bxc5 9. Nb3 Bb6 10. c3 Bg4 11. h3 Bh5 12. Bg5 0-0 13. Be2 Re8 14. Nbd4 Nxd4 15. Nxd4 Bxe2 16. Nxe2 h6 17. Bxe7 Rxe7 18. Qd3 Qd7 19. Rad1 Rd8 20. Nd4 a6 21. Rfe1 Rxe1+ 22. Rxe1 Bxd4 1/2-1/2

[Event "Euskadi-chT (Vasca) Div Honor"]
[Site "Bergara"]
[Date "2011.01.29"]
[Round "4.3"]
[White "Martinez Pelaez, David"]
[Black "Gomez Esteban, Juan Mario"]
[Result "0-1"]
[WhiteElo "1945"]
[BlackElo "2484"]
[PlyCount "58"]
[EventDate "2011.01.08"]
[EventType "team-tourn"]
[EventRounds "9"]
[EventCountry "ESP"]
[SourceTitle "EXT 2024"]
[Source "ChessBase"]
[SourceDate "2023.10.10"]
[SourceVersion "1"]
[SourceVersionDate "2023.10.10"]
[SourceQuality "1"]

1. d4 Nf6 2. Nc3 d5 3. Bg5 h6 4. Bh4 Bf5 5. f3 Bh7 6. Qd2 Nbd7 7. 0-0-0 c6 8. e4 dxe4 9. d5 g5 10. Bf2 Bg7 11. Bc4 Nb6 12. Bb3 cxd5 13. h4 g4 14. Qe2 e6 15. fxg4 Nfd7 16. Nb5 0-0 17. Nh3 Ne5 18. g5 Nbc4 19. gxh6 Bxh6+ 20. Kb1 Bg7 21. Bd4 Bf5 22. Nf2 Qa5 23. Nc3 Rfc8 24. g4 Bh7 25. g5 e3 26. Ng4 Nxg4 27. Bxg7 Kxg7 28. Qxg4 Nd2+ 29. Kc1 Nxb3+ 0-1

[Event "Euskadi-chT (Vasca) Div Honor"]
[Site "Bergara"]
[Date "2011.01.08"]
[Round "1.4"]
[White "Martinez Pelaez, David"]
[Black "Balado Kareaga, Inaki"]
[Result "1-0"]
[WhiteElo "1945"]
[BlackElo "1851"]
[PlyCount "57"]
[EventDate "2011.01.08"]
[EventType "team-tourn"]
[EventRounds "9"]
[EventCountry "ESP"]
[SourceTitle "EXT 2024"]
[Source "ChessBase"]
[SourceDate "2023.10.10"]
[SourceVersion "1"]
[SourceVersionDate "2023.10.10"]
[SourceQuality "1"]

1. e4 d5 2. exd5 Qxd5 3. Nc3 Qd8 4. Bc4 Nf6 5. Nf3 Bf5 6. Ne5 e6 7. Qf3 c6 8. Nxf7 Qd4 9. Nxh8 Qxc4 10. d3 Qh4 11. Bf4 Nbd7 12. Qg3 Qxg3 13. hxg3 Be7 14. f3 e5 15. Bd2 Be6 16. g4 Nf8 17. 0-0-0 0-0-0 18. Rde1 Bd6 19. g5 N6d7 20. Ne4 Be7 21. Kb1 Bg8 22. g6 hxg6 23. Ng5 Kc7 24. Nhf7 Bxg5 25. Nxg5 Re8 26. Bc3 Kd8 27. Re2 Ne6 28. Nxe6+ Rxe6 29. Rd1 1-0

[Event "San Sebastian op 33rd"]
[Site "San Sebastian"]
[Date "2010.03.29"]
[Round "2"]
[White "Orube Bona, Andoni"]
[Black "Martinez Pelaez, David"]
[Result "1/2-1/2"]
[WhiteElo "1732"]
[BlackElo "1960"]
[PlyCount "53"]
[EventDate "2010.03.28"]
[EventType "swiss"]
[EventRounds "9"]
[EventCountry "ESP"]
[SourceTitle "CBM 135 Extra"]
[Source "ChessBase"]
[SourceDate "2010.05.04"]
[SourceVersion "1"]
[SourceVersionDate "2010.05.04"]
[SourceQuality "1"]

1. e4 e5 2. Nf3 Nc6 3. d4 exd4 4. Nxd4 Nf6 5. Nxc6 bxc6 6. e5 Qe7 7. Qe2 Nd5 8. c4 Ba6 9. b3 g6 10. f4 Bg7 11. Qf2 Nb4 12. Bb2 Bb7 13. a3 Na6 14. Be2 0-0 15. 0-0 f6 16. e6 dxe6 17. Nd2 Rfd8 18. Rad1 Qc5 19. b4 Qxf2+ 20. Kxf2 Kf7 21. c5 Rd7 22. Nc4 Rad8 23. Na5 Rxd1 24. Rxd1 Rxd1 25. Bxd1 Ba8 26. g4 Nb8 27. h4 1/2-1/2

[Event "Euskadi-chT"]
[Site "Bergara"]
[Date "2010.02.20"]
[Round "6.4"]
[White "Martinez Pelaez, David"]
[Black "Prieto Aranguren, Alain"]
[Result "0-1"]
[WhiteElo "1972"]
[BlackElo "2136"]
[PlyCount "92"]
[EventDate "2010.01.09"]
[EventType "team-tourn"]
[EventRounds "9"]
[EventCountry "ESP"]
[SourceTitle "EXT 2011"]
[Source "ChessBase"]
[SourceDate "2010.11.26"]
[SourceVersion "1"]
[SourceVersionDate "2010.11.26"]
[SourceQuality "1"]

1. e4 c6 2. d4 d5 3. exd5 cxd5 4. c4 Nf6 5. Nc3 e6 6. Nf3 Be7 7. cxd5 Nxd5 8. Bd3 0-0 9. 0-0 Nc6 10. Re1 Bf6 11. Be4 Nce7 12. Ne5 b6 13. Ng4 Bb7 14. Qd3 Ng6 15. a3 Rc8 16. Bd2 Bg5 17. Bxg6 hxg6 18. Ne5 Qe7 19. Ne4 Bxd2 20. Qxd2 Rfd8 21. Ng5 f6 22. Nxg6 Qe8 23. Nxe6 Qxg6 24. Nxd8 Rxd8 25. f3 Rd7 26. Re4 f5 27. Re5 f4 28. Rae1 Ne3 29. R5xe3 fxe3 30. Qxe3 Kh7 31. Qf4 Rd5 32. Qe4 Qxe4 33. Rxe4 Rd7 34. Rh4+ Kg6 35. Kf2 Rc7 36. Kg3 Rc2 37. Rg4+ Kf7 38. Rf4+ Kg8 39. d5 Bxd5 40. Ra4 Rxb2 41. Rxa7 Ra2 42. Ra6 b5 43. Kh3 Bc4 44. g4 b4 45. Ra8+ Kh7 46. a4 b3 0-1

[Event "San Sebastian op 31st"]
[Site "San Sebastian"]
[Date "2008.03.22"]
[Round "8"]
[White "Martinez Pelaez, David"]
[Black "Argandona Riveiro, Inigo"]
[Result "0-1"]
[WhiteElo "1970"]
[BlackElo "2404"]
[PlyCount "72"]
[EventDate "2008.03.16"]
[EventType "swiss"]
[EventRounds "9"]
[EventCountry "ESP"]
[SourceTitle "CBM 123 Extra"]
[Source "ChessBase"]
[SourceDate "2008.05.06"]
[SourceVersion "1"]
[SourceVersionDate "2008.05.06"]
[SourceQuality "1"]

1. d4 g6 2. e4 Bg7 3. Nc3 d6 4. Be3 Nc6 5. Qd2 e5 6. Nge2 f5 7. f3 Nf6 8. 0-0-0 0-0 9. exf5 gxf5 10. dxe5 dxe5 11. Qxd8 Rxd8 12. Rxd8+ Nxd8 13. Nb5 Nd5 14. Bf2 a6 15. Nec3 Nxc3 16. Nxc3 Be6 17. Be2 Nc6 18. Rd1 Nd4 19. Bf1 Rd8 20. Ne2 c5 21. Nxd4 cxd4 22. Bd3 Kf7 23. h3 h5 24. Rg1 Rg8 25. Kb1 Bh6 26. b3 Bf4 27. g3 Be3 28. Bxe3 dxe3 29. c4 Ke7 30. Kc2 e4 31. fxe4 f4 32. Be2 Bxh3 33. Bxh5 Rxg3 34. Re1 f3 35. Bxf3 Rxf3 36. Kd3 Bf1+ 0-1

[Event "Erandio op"]
[Site "Erandio"]
[Date "2007.12.21"]
[Round "8"]
[White "Angulo Martinez, Jon"]
[Black "Martinez Pelaez, David"]
[Result "1-0"]
[WhiteElo "2182"]
[BlackElo "1974"]
[PlyCount "89"]
[EventDate "2007.12.17"]
[EventType "swiss"]
[EventRounds "9"]
[EventCountry "ESP"]
[SourceTitle "CBM 121 Extra"]
[Source "ChessBase"]
[SourceDate "2008.01.10"]
[SourceVersion "1"]
[SourceVersionDate "2008.01.10"]
[SourceQuality "1"]

1. e4 e5 2. Nf3 Nc6 3. Bb5 a6 4. Ba4 b5 5. Bb3 Na5 6. 0-0 d6 7. d4 Nxb3 8. axb3 f6 9. Nc3 Bb7 10. Qe2 Ne7 11. Rd1 Qc8 12. dxe5 dxe5 13. Nh4 g6 14. f4 Bg7 15. fxe5 fxe5 16. Bg5 Qe6 17. Qf2 Rf8 18. Qc5 Rc8 19. Nf3 Rf7 20. Be3 h6 21. Rd2 Qc6 22. Qb4 Rd8 23. Rxd8+ Kxd8 24. Rd1+ Ke8 25. Rd2 g5 26. h3 Qe6 27. Qc5 Qc6 28. Qb4 Qe6 29. Qc5 Qc6 30. Qa7 Rf8 31. Nd5 Nc8 32. Qb8 Kf7 33. Qxc7+ Qxc7 34. Nxc7 Bxe4 35. Bc5 Rg8 36. Nxa6 Bc6 37. Nb4 Bxf3 38. gxf3 Ke6 39. Na6 Bf8 40. Nc7+ Kf5 41. Bxf8 Rxf8 42. Nxb5 Kf4 43. Kg2 Ne7 44. Nc3 Nf5 45. Nd5# 1-0

[Event "Bizkaia-chB"]
[Site "Zornotza"]
[Date "2006.11.04"]
[Round "3"]
[White "Sanchez Dolado, Jorge"]
[Black "Martinez Pelaez, David"]
[Result "1-0"]
[WhiteElo "1966"]
[BlackElo "1969"]
[PlyCount "51"]
[EventDate "2006.10.21"]
[EventType "swiss"]
[EventRounds "6"]
[EventCountry "ESP"]
[SourceTitle "EXT 2018"]
[Source "ChessBase"]
[SourceDate "2017.10.13"]
[SourceVersion "1"]
[SourceVersionDate "2017.10.13"]
[SourceQuality "1"]

1. d4 Nf6 2. Bg5 d5 3. c4 e6 4. Nc3 Nbd7 5. cxd5 exd5 6. e3 Be7 7. Bd3 0-0 8. Nge2 c6 9. Qc2 Re8 10. 0-0 Ne4 11. Bxe7 Qxe7 12. Rae1 Ndf6 13. f3 Nd6 14. e4 dxe4 15. fxe4 Ng4 16. Nf4 g6 17. h3 Nh6 18. Qf2 Bd7 19. e5 Ndf5 20. Ne4 Rf8 21. Nf6+ Kh8 22. g4 g5 23. gxf5 gxf4 24. Qxf4 Rg8+ 25. Kh1 Nxf5 26. Bxf5 1-0